MDQL
is popping MORE tags! Check the
thread
!
Quizzes
Events
Quiz Creation
Community
Videos
Private Events
Remove Ads
Sign In
Join for FREE
Feedback
Dark Mode
Quiz Categories
Sports
Geography
Music
Movies
Television
Just For Fun
Miscellaneous
History
Literature
Language
Science
Gaming
Entertainment
Religion
Holiday
For Kids
Quiz Lab
Recent
Popular Today
Quiz Kudos Today
Editor Picks
Curator Picks
Quizzes by...
Day
Popularity
Type
Ratings
Length
Year
Community
Subscriptions
Recent Discussions
Orange Saloon
Badges
Playlists
Quests
Create
Leaderboards
Showdown
Live 5
Trivia Bingo
Activity
Puzzle Library
Sporcle Events
Private Events
Virtual Trivia
Globe League
Become a Host
Pub Owners
SporcleCon
Opinionation
Our Games
Videos
Blog
Mobile Apps
Partnerships
Remove Ads and Go Orange
Feedback
Entertainment
Celebrity
Famous
Musical
Broadway
Show
Quote
Comic Books
Anime
Superhero
DC Comics
Marvel
Cartoons
Animation
Entertainment
Celebrity
Famous
Musical
Broadway
Show
Quote
Comic Books
Anime
Superhero
DC Comics
Marvel
Cartoons
Animation
Random Quiz
Search Sporcle
×
Quiz Lab
Quiz Lab
Entertainment
dungeon
Type in answers that appear in a list
Type in answers that appear in a list
Classic
Best Score? Go Orange.
Dungeon of Doom (WCW) Stats
Can you name the members of WCW's Dungeon of Doom stable?
By
Martin
10m
17 Questions
495 Plays
495 Plays
495 Plays
Comments
Comments
Give Quiz Kudos
Give Quiz Kudos
-
- Ratings
hide this ad
Replay
Link that replays current quiz
Next Quiz
Link to next quiz in quiz playlist
You Got
0%
They Got
Avg Score
59%
Avg Friend Score
Upgrade to see
Score Distribution
Jump to the score distribution portion of the page
Score
0/17
Timer
10:00
0
Plays Today
Name
% Correct
The Taskmaster
98%
The Shark
87.9%
The Man With No Name
86.5%
Meng
85.9%
The Giant
82.2%
The Barbarian
76.6%
Kamala
69.9%
The Yeti
68.1%
Lex Luger
53.7%
Name
% Correct
Hugh Morrus
50.3%
The Master
49.7%
Konnan
42.4%
Loch Ness
41.2%
Big Bubba Rogers
41%
One Man Gang
29.7%
Braun The Leprechaun
26.9%
Maxx Muscle
18.6%
Quiz Playlist
Details
Report
Send in Message
Add To Playlist
Classic:
Type in answers that appear in a list
Quiz Source
Last Updated: Feb 16, 2017
Quiz Scoreboard
CHALLENGE
Sign Up to Join the Scoreboard
Show All
Scores
Hide
Comments
May contain spoilers
Recently Published
5x2 Blitz: Bands
by SL_Kpop136
Music
30s
Colored Red Africa Blitz
by spor1
Geography
30s
Find the 'City' Movie
by crazypaving
Movies
60s
More to Explore
Quiz From the Vault
Featured Blog Post
14 Easter Pick-up Lines to Find Eggs With
hide this ad
You Might Also Like...
Tags
doom
dungeon
Stable
WCW
Today's Top Quizzes in Entertainment
Browse Entertainment
hide this ad
Today's Top Quizzes in dungeon
Browse dungeon
Top Contributed Quizzes in Entertainment
1
Marvel Classic Character Map
2
Dragon Ball Z: Goku's Fights in Order
3
Marvel Characters Bunker
4
JoJo's Bizarre Logic Quiz
5
Celebrity Spelling Bee
6
BOYS PLANET Quiz
7
This is Your Life: Edward Elric
8
This is Your Life: Itachi Uchiha
9
Survivor Winners Logic Quiz
10
One Piece Heroines Chapter Cover
Explore More
Trending Topics
Harry Potter
Crossword
NBA
Marvel
Disney
Anime
Kpop
WWE
The Office
Country
NFL
Song
Pokémon
Puzzle
Soccer
hide this ad
More By:
Martin
Quiz
Plays
Rating
Category
Featured
Created
WWE European Champions
105,110
3.82
Sports
Sep 23, 2009
Impact World Heavyweight Champions
101,309
4.16
Sports
Sep 23, 2009
nWo Members
82,577
3.60
Sports
Sep 23, 2009
WWE US Champions
6,336
3.13
Sports
Sep 23, 2009
Wrestling terms ABC
3,377
4.04
Entertainment
Oct 20, 2009
Go to Creator's Profile
Score Distribution
Quiz Creator Spotlight
Martin
Follow
Send a Message
Quizzes Created
-
Created Quiz Play Count
-
More By This Creator
Popular Quizzes Today
1
Colored Red Africa Blitz
2
Find the 'City' Movie
3
5x2 Blitz: Bands
4
Find the US States - No Outlines Minefield
5
The Countries of the World
6
Find the US States
7
US States
8
Find the Countries of Europe - No Outlines Minefield
More Entertainment Quizzes
Stephen Sondheim Musicals Word Grid
Quiz Lab
Trending Quizzes
Colored Red Europe Blitz I
Colored Red Europe Blitz II
Colored Red Africa Blitz II
Colored Red Europe Blitz III
Colored Red Africa Blitz III
Recently Updated
How Do You Spell That?
pecheneg
Godzilla Movies
pecheneg
Grab Bag: 4-10 Letters
pecheneg
2024 March Madness Bracket
pecheneg
Famous TV Couples
Peacemaker
Champions League XIs: Real Madrid
pecheneg
Largest US Cities 1790-2010
pecheneg
Rides in Walt Disney World
pecheneg
Most Oscar Losses (Acting)
pecheneg
Beyoncé Albums
pecheneg
Trending Topics
Anime
Disney
Crossword
Marvel
Harry Potter
NBA
Kpop
The Office
Country
WWE
NFL
Puzzle
Soccer
Song
Pokémon
Your Account Isn't Verified!
In order to create a playlist on Sporcle, you need to verify the email address you used during registration. Go to your
Sporcle Settings
to finish the process.
Report this User
Report this user for behavior that violates our
Community Guidelines
.
Details:
Send Report
Go to the Sporcle.com Mobile Site →
Comments